00369nam a2200133Ia 4500003000400000008004100004040001600045082001500061100002300076245004400099260005800143650001200201650002200213GCL140319s9999 xx 000 0 eng d aGCL / cGCL04a512.9bC C1 aCHRISTY, DENNIS T.10aCOLLEGE ALEGEBRA / cCHRISTY, DENNIS T. a[S.N] : bWM. C. BROWIN COMMUNICATIONS, INC ، c199304aALGEBRA04aGEOMETRY ANALYTIC